000
00294 a2200109 4500
001
ART_38970
005
20260410161740.0
008
260409a
245
1
0
_a
Mala praxis de la ART
100
1
_a
Favier, Daniela
773
0
_t
Doctrina laboral
_g
- NÂș 342 (feb. 2014)
_w
REV4049
999
_c
18649
_d
18649